Parallel programming in C with MPI and openMP

Na minha lista:
Detalhes bibliográficos
Autor principal: Quinn, Michael J. (Michael Jay)
Formato: Livro
Publicado em: McGraw-Hill 2004
Tags: Adicionar Tag
Sem tags, seja o primeiro a adicionar uma tag!
Thư viện lưu trữ: Mạng thư viện Đại học Đà Nẵng
LEADER 00554nam a2200217 a 4500
001 000028760
003 27498
005 20171030145630.0
008 171030s2004
040 |a LTT 
082 0 |a 005.133  |b QU-M 
100 1 |a Quinn, Michael J. (Michael Jay) 
245 0 0 |a Parallel programming in C with MPI and openMP  |c Michael J. Quinn. 
260 |b McGraw-Hill  |c 2004 
OWN |a LTT 
999 |a From the UDN01 
TYP |a Monograph 
TYP |a Printed language 
980 |a Mạng thư viện Đại học Đà Nẵng